| 000 | 00471nam a2200157Ia 4500 | ||
|---|---|---|---|
| 008 | 210716s2010 xx 000 0 und d | ||
| 020 | _a976483211 | ||
| 041 | _aeng | ||
| 082 | _a005.368 GERR | ||
| 100 | _aGerber, Richard;Bik, Aart J C;Smith, Kevin B. | ||
| 245 | _aSoftware optimization cookbook: high performance recipes for IA-32 platforms. | ||
| 250 | _a2 | ||
| 260 |
_aNew Delhi _bBPB Publications _c2010 |
||
| 300 | _axii,404 | ||
| 650 | _aSoftware Engineering | ||
| 999 |
_c195584 _d195584 |
||